| 000 | 00597nam a22001697a 4500 | ||
|---|---|---|---|
| 999 |
_c11465 _d11465 |
||
| 008 | 181205b ||||| |||| 00| 0 eng d | ||
| 082 |
_22017 _aUT 1055 _bM66 |
||
| 100 |
_aMindajao, Elario Jr. _932869 |
||
| 245 |
_aUM Digos library management system / _cElario Mindajao Jr., Jonver Para, Ian Padillo |
||
| 260 |
_aDigos City: _bUMDC _cMarch 2017. |
||
| 300 |
_a75 pages; _b30 cm. |
||
| 650 |
_aTechnical Program _vInformation Technology _xUndergraduate thesis. _932740 |
||
| 700 |
_aMindajao, Elario Jr. _932869 |
||
| 700 |
_aPara, Jonver _932870 |
||
| 700 |
_aPadillo, Ian _932871 |
||
| 942 |
_2ddc _cUT |
||